Franchises in Super Smash Bros. Melee - Statistics

General Stats
  • This quiz has been taken 112 times
  • The average score is 12 of 13
Answer Stats
# of Fighters Franchise % Correct
5 Super Mario
100%
4 The Legend of Zelda
99%
4 Pokémon
97%
2 Star Fox
95%
2 Fire Emblem
92%
1 Donkey Kong
87%
1 Kirby
87%
1 F-Zero
86%
1 Earthbound
85%
1 Game & Watch
85%
1 Ice Climber
84%
1 Metroid
80%
1 Yoshi’s Island
77%
No matching quizzes found
Score Distribution
Percent of People with Each Score
Percentile by Number Answered
Your Score History
You have not taken this quiz